000183981 001__ 183981
000183981 005__ 20240207151450.0
000183981 0247_ $$2doi$$a10.15120/GR-2015-1-APPA-MML-AP-31
000183981 037__ $$aGSI-SR2014-APPA-MML-AP-31
000183981 041__ $$aEnglish
000183981 0881_ $$aGSI Report 2015-1
000183981 088__ $$2GSI$$aGSI Report 2015-1
000183981 1001_ $$0P:(DE-Ds200)OR1279$$aTahir, N. A.$$b0$$ugsi
000183981 245__ $$aThermal simulations of a C beam stripper for experiments at Spiral2
000183981 260__ $$aDarmstadt$$bGSI Helmholtzzentrum für Schwerionenforschung$$c2015
000183981 29510 $$aScientific Report 2014
000183981 300__ $$a246 p.
000183981 3367_ $$2DRIVER$$abookPart
000183981 3367_ $$2BibTeX$$aINBOOK
000183981 3367_ $$07$$2EndNote$$aBook Section
000183981 3367_ $$0PUB:(DE-HGF)7$$2PUB:(DE-HGF)$$aContribution to a book$$bcontb$$mcontb$$s1451301554_12919
000183981 3367_ $$0PUB:(DE-HGF)15$$2PUB:(DE-HGF)$$aInternal Report$$mintrep
000183981 4900_ $$aGSI Report$$v2015-1$$x0171-4546
000183981 4900_ $$aGSI Scientific Report$$v2014$$x0174-0814
000183981 500__ $$aBMBF
000183981 536__ $$0G:(DE-HGF)POF2-899$$a899 - ohne Topic (POF2-899)$$cPOF2-899$$fPOF I$$x0
000183981 536__ $$0G:(DE-HGF)POF2-54G32$$a54G - GSI-participation in FAIR (POF2-54G32)$$cPOF2-54G32$$fPOF II$$x1
000183981 7001_ $$0P:(DE-HGF)0$$aKim, V.$$b1
000183981 7001_ $$0P:(DE-HGF)0$$aLamour, E.$$b2
000183981 7001_ $$0P:(DE-HGF)0$$aLomonosov, I.$$b3
000183981 7001_ $$0P:(DE-HGF)0$$aPiriz, A. R.$$b4
000183981 7001_ $$0P:(DE-HGF)0$$aRozet, J.$$b5
000183981 7001_ $$0P:(DE-Ds200)OR1264$$aStöhlker, T.$$b6$$ugsi
000183981 7001_ $$0P:(DE-HGF)0$$aVernhet, D.$$b7
000183981 773__ $$a10.15120/GR-2015-1-APPA-MML-AP-31
000183981 8564_ $$uhttps://repository.gsi.de/record/183981/files/APPA-MML-AP-31.pdf$$yOpenAccess
000183981 909CO $$ooai:repository.gsi.de:183981$$pdnbdelivery$$pdriver$$pVDB$$popen_access$$popenaire$$qec_fundedresources
000183981 9101_ $$0I:(DE-Ds200)20121206GSI$$6P:(DE-Ds200)OR1279$$aGSI Helmholtzzentrum für Schwerionenforschung GmbH$$b0$$kGSI
000183981 9101_ $$0I:(DE-Ds200)20121206GSI$$6P:(DE-Ds200)OR1264$$aGSI Helmholtzzentrum für Schwerionenforschung GmbH$$b6$$kGSI
000183981 9131_ $$0G:(DE-HGF)POF2-899$$1G:(DE-HGF)POF2-890$$2G:(DE-HGF)POF2-800$$3G:(DE-HGF)POF2$$4G:(DE-HGF)POF$$aDE-HGF$$bProgrammungebundene Forschung$$lohne Programm$$vohne Topic$$x0
000183981 9131_ $$0G:(DE-HGF)POF2-54G32$$1G:(DE-HGF)POF2-540$$2G:(DE-HGF)POF2-500$$3G:(DE-HGF)POF2$$4G:(DE-HGF)POF$$aDE-HGF$$bStruktur der Materie$$lForschung mit Photonen, Neutronen, Ionen$$vGSI-participation in FAIR$$x1
000183981 9141_ $$y2014
000183981 915__ $$0StatID:(DE-HGF)0510$$2StatID$$aOpenAccess
000183981 915__ $$0LIC:(DE-HGF)CCBY3$$2HGFVOC$$aCreative Commons Attribution CC BY 3.0
000183981 9201_ $$0I:(DE-Ds200)ATP-20051214OR020$$kATP$$lAtomphysik$$x0
000183981 9201_ $$0I:(DE-Ds200)PPH-20051214OR027$$kPPH$$lPlasmaphysik / PHELIX$$x1
000183981 9201_ $$0I:(DE-Ds200)HIJ-20110223OR115$$kHIJ$$lHI Jena$$x2
000183981 9201_ $$0I:(DE-Ds200)BUD-20051214OR030$$kBUD$$lBibliothek & Dokumentation$$x3
000183981 970__ $$aGSI-SR2014-APPA-MML-AP-31
000183981 9801_ $$aFullTexts
000183981 9801_ $$aGSIasPublisher
000183981 9801_ $$aGSI Scientific Report 2014
000183981 9801_ $$aGSI Scientific Report
000183981 9801_ $$aGSI Report 2015
000183981 9801_ $$aGSI Report
000183981 9801_ $$aJahresbericht
000183981 980__ $$acontb
000183981 980__ $$aVDB
000183981 980__ $$aintrep
000183981 980__ $$aI:(DE-Ds200)20110830OR020
000183981 980__ $$aI:(DE-Ds200)ATP-20051214OR020
000183981 980__ $$aI:(DE-Ds200)20110831OR027
000183981 980__ $$aI:(DE-Ds200)PPH-20051214OR027
000183981 980__ $$aI:(DE-Ds200)20120319OR115
000183981 980__ $$aI:(DE-Ds200)HIJ-20110223OR115
000183981 980__ $$aI:(DE-Ds200)20120319OR030
000183981 980__ $$aI:(DE-Ds200)BUD-20051214OR030
000183981 980__ $$aUNRESTRICTED